000 00262nam a22001097a 4500
082 _a669.14 BAS
100 _aBASHFORTH,G RGINALD
_958174
245 _aTHE MANUFACTURE OF IRON AND STEEL
260 _aLONDON
_bCHAPMAN & HALL
_c1960
300 _a313P
942 _cBK
999 _c568384
_d568384